Sports Quiz

Random Sports Quiz
Score 0/16 Timer 10:00
0 Plays Today
Hint Answer % Correct
World Record Ballon D'or holder?Eric Bailly
100%
Pele described as the greatest of all time?Eric Bailly
100%
All time record goalscorer?Eric Bailly
100%
First features in the bible as the son of god?Eric Bailly
81.8%
Came first second and third in the 2017 Ballon D'or raceEric Bailly
80%
Drives a car known as the Bailly Mobile?Alex England
69.2%
Locked chests with which footballer?Christian Fuchs
69.2%
Went after Jose with what item?Crutch
61.5%
Hint Answer % Correct
Feauters in his own film titled, Why derby bottle it every februaryEric Bailly
60%
How many kids does Eric Bailly have?83
46.2%
Was seen laughing at this player in the 2014 championship play off finalRichard Keogh
40%
Alex England enjoys playing this sportCricket
40%
Name at least 5 players on the good agent listLuke Moore
40%
Transfer fee?371 million
38.5%
Bailly Describes this player as 'one of the greatest ever'Eric Lichaj
20%
Why does alex england like this sportNo one knows
20%
Remove Ads.
Support Sporcle.
Get the best of Sporcle when you Go Orange. This ad-free experience offers more features, more stats, and more fun while also helping to support Sporcle. Thank you for becoming a member.

You're not logged in!

Compare scores with friends on all Sporcle quizzes.
OR
Log In

Sporcle TV

Today on Sporcle TV


Watch our educational content, quiz creation guides, and fun videos on Sporcle TV.

Show Comments

Extras

Created Sep 25, 2017ReportNominate
Tags:Eric, greatest, Player

Top Quizzes Today


Score Distribution

Paid Content

Your Account Isn't Verified!

In order to create a playlist on Sporcle, you need to verify the email address you used during registration. Go to your Sporcle Settings to finish the process.

Report this User

Report this user for behavior that violates our Community Guidelines.

Details: